Statistics for Guess Every Mario Kart Item

Click here to take the quiz!

General Stats

  • This quiz has been taken 39 times
  • The average score is 19 of 36

Answer Stats

First AppearanceItem% Correct
Super Mario KartRed Shell
91%
Super Mario KartGreen Shell
88%
Super Mario KartMushroom
84%
Mario Kart 64Spiny Shell
81%
Super Mario KartGhost
78%
Super Mario KartLightning
72%
Mario Kart DSBullet Bill
69%
Super Mario KartStar
69%
Super Mario KartBanana Shell
66%
Mario Kart 7Fire Flower
66%
Super Mario KartCoin
63%
Mario Kart 64Super Mushroom
63%
Mario Kart DSBlooper
59%
Mario Kart 64Triple Mushroom
59%
Mario Kart 8Piranha Plant
56%
Mario Kart 8Super Horn
53%
Super Mario KartEgg
50%
Mario Kart WiiPOW Block
50%
Mario Kart 8Boomerang Flower
47%
Mario Kart: Double Dash!!Bowser Shell
47%
Mario Kart: Double Dash!!Chain Chomp
47%
Mario Kart 64Fake Item Box
47%
Super Mario KartFeather
47%
Super Mario KartFireball
47%
Mario Kart 7Lucky 7
47%
Mario Kart WiiMega Mushroom
47%
Mario Kart: Double Dash!!Heart
41%
Mario Kart 7Super Leaf
38%
Mario Kart 64Triple Green Shells
38%
Mario Kart 64Triple Red Shells
38%
Mario Kart: Double Dash!!Giant Banana
34%
Mario Kart 64Banana Bunch
28%
Super Mario KartPoison Mushroom
28%
Mario Kart 8Lucky 8
22%
Mario Kart: Double Dash!!Bomb-omb
19%
Mario Kart: Double Dash!!Yoshi's Egg And Birdo's Egg
0%

Score Distribution

Percentile by Number Answered

Percent of People with Each Score

Your Score History

You have not taken this quiz